000 00438nam a2200169Ia 4500
008 230524s9999 xx 000 0 und d
020 _a9.78014E+12
082 _a600
_bSIN
100 _aSrijan Pal Singh
_941798
245 0 _aReignited 2 Emerging Technologies of Tomorrow
250 _a1
260 _aNew Delhi
_bPuffin Books
_c2019
300 _a277
500 _aQuantity Number: 1
650 _aMiscellaneous
_91877
942 _cBK
999 _c60743
_d60743